000 03315nam a2200277 i 4500
001 000000757
003 DO-SdBNP
005 20240510111258.0
007 ta
008 090509s1999 dr 000 0 spa d
040 _aDO-SdBNP
_bspa
_cBNPHU
_erda
082 4 _a327.7293
_bT198r
_222
100 1 _aTaveras Guzmán, Juan Arístides,
_d1936-
_92592
_eautor
245 1 0 _aRasgos de la política exterior dominicana /
_cJuan Arístides Taveras Guzmán.
264 _aSanto Domingo :
_bCentenario,
_c1999.
300 _a191páginas ;
_c23 cm.
336 _2rdacontent
_atexto
_btxt
337 _2rdamedia
_asin mediación
_bn
338 _2rdacarrier
_avolumen
_bnc
500 _aIncluye datos biográficos del autor en la contracubierta.
505 2 _aPalabras introductorias --
_gCapítulo 1.
_tFundamentos argumentales --
_gCapítulo 2.
_tLa genialidad diplomática dominicana: Los "Protectorados" --
_gCapítulo 3.
_tLa anexión a España, su larva inicial: La "Matrícula de Segovia" --
_gCapítulo 4.
_tDel "Protectorado" a la mediación. Inicio de entendimiento Dominico-Haitiano. La revolución liberal del 1857 --
_gCapítulo 5.
_tLa anexión a España. Una visión geopolítica de sus causas reales --
_tCapítulo 6.
_tLa política exterior dominicana en la II República --
_gCapítulo 7.
_tEl más valioso aporte de la República Dominicana a la vida continental: El principio "De la no intervención" --
_tDe la "Era de Trujillo" a la democracia política --
_tDiscurso del canciller de la República Dominicana, Dr. Juan Arístides Taveras Guzmán en el̃ año 1992 --
_tPalabras pronunciadas por el Dr. Juan Arístides Taveras Guzmán --
_tDeclaración de su excelencia, Dr. Juan Arístides Taveras Guzmán --
_tDiscurso del canciller de la República Dominicana en el año 1992 --
_tDiscurso pronunciado por el canciller de la República Dominicana, Dr. Juan Arístides Taveras Guzmán en Washington en diciembre del año 1992 --
_tDiscurso pronunciado por el Dr. Juan Arístides Taveras Guzmán, el 1-10-93 en las Naciones Unidas --
_tDiscurso del canciller dominicano el 12-10-93 --
_tDiscurso en Nicaragua pronunciado por el canciller Dr. Juan A. Taveras Guzmán --
_tDiscurso pronunciado en méjico el 18-2-94, por el canciller dominicano Dr. Juan Arístides Taveras Guzmán --
_tDiscurso inauguración-bienal de pintura del caribe -- Discurso de apertura cónclave la CEPAL en R. D.
505 2 _tDiscurso en acuerdo con el gobierno del Japón --
_tDiscurso apertura cónclave sociedad industrial para el desarrollo --
_tDiscurso como canciller de la Rep. Dom. En conmemoración del V Centenario --
_tDiscurso como canciller en R: D. -- Discurso como canciller en R. D. Con motivo inauguración Plaza del Ecuador --
_tDiscurso como canciller a nombre del jefe de estado condecorando al Sr. Pte. del Salvador --
_tDiscurso condecoración presidente de Argentina --
_tDiscurso pronunciado por el secretario de estado de relaciones exteriores Doctor Juan Arístides Taveras Guzmán --
_tEl día 16 de enero de 1992 --
_tDiscurso del canciller en R. D. Anunciando la actualización de la escuela diplomática --
_tDiscurso apertura IV conferencia consejo del Caribe.
651 4 _aRepública Dominicana
_xRelaciones exteriores
_92258
651 4 _aRepública Dominicana
_xHistoria
_xAnexión a España
_y1861-1865
_92593
942 _2ddc
_cLBS1
999 _c753
_d753